| 000 | 00777nam a2200241 i 4500 | ||
|---|---|---|---|
| 001 | 179561 | ||
| 003 | ES-MaACL | ||
| 005 | 20251015063152.0 | ||
| 008 | 111222s2010 sp |||| | spa d | ||
| 020 | _a978-84-322-2865-0 | ||
| 080 | _a821.111(71)-32"19" | ||
| 100 | 1 |
_aTower, Wells, _d1973- _9148796 |
|
| 245 | 1 | 0 |
_aTodo arrasado, todo quemado / _cWells Tower ; traducción del inglés por Ismael Attrache. |
| 250 | _a1ª ed. | ||
| 260 |
_aBarcelona : _bSeix Barral, _c2010. |
||
| 300 |
_a267 p. ; _c23 cm. |
||
| 490 | 1 | _aBiblioteca Formentor | |
| 700 | 0 |
_aAttrache, Ismael. _923775 |
|
| 830 | 0 |
_aBiblioteca Formentor _9180387 |
|
| 852 |
_aES-MaACL _jA-11784 _9186458 _bR.146822 _cDEPO1 _dOlim: N-4789 |
||
| 942 |
_2udc _cMONOGRAFIA |
||
| 999 |
_c179561 _d179561 |
||